Statystyki dla Największe transfery piłkarskie!

Kliknij tutaj aby rozwiązać quiz!

Ogólne statystyki

  • Ten quiz został rozwiązany 575 razy
  • Średni wynik to 39 z 100

Statystyki odpowiedzi

KwotaNarodowośćKlub oddającyKlub pozyskującyZawodnik% Poprawnych
222,00 mln €BrazyliaBarcelonaPSGNeymar
100%
145,00 mln €FrancjaMonacoPSGMbappe
95%
117,00 mln €PortugaliaReal MadrytJuventusRonaldo
79%
135,00 mln €FrancjaBorussia DortmundBarcelonaDembele
76%
101,00 mln €WaliaTottenhamReal MadrytBale
74%
115,00 mln €BelgiaChelseaReal MadrytHazard
72%
105,00 mln €FrancjaJuventusManchester UnitedPogba
72%
94,00 mln €PortugaliaManchester UnitedReal MadrytRonaldo
72%
135,00 mln €BrazyliaLiverpoolBarcelonaCoutinho
70%
127,20 mln €PortugaliaBenficaAtletico MadrytFelix
70%
120,00 mln €FrancjaAtletico MadrytBarcelonaGriezmann
68%
88,20 mln €BrazyliaSantosBarcelonaNeymar
67%
86,00 mln €HolandiaAjaxBarcelonaDe Jong
66%
81,72 mln €UrugwajLiverpoolBarcelonaSuarez
65%
84,65 mln €HolandiaSouthamptonLiverpoolVan Dijk
59%
85,50 mln €HolandiaAjaxJuventusDe Ligt
58%
84,70 mln €BelgiaEvertonManchester UnitedLukaku
58%
80,00 mln €NiemcyBayer LeverkusenChelseaHavertz
57%
90,00 mln €ArgentynaNapoliJuventusHiguain
56%
76,00 mln €BelgiaWolfsburgManchester CityDe Bruyne
55%
87,00 mln €AngliaLeicesterManchester UnitedMaguire
55%
74,00 mln €BelgiaManchester UnitedInterLukaku
52%
69,50 mln €SzwecjaInterBarcelonaIbrahimovic
49%
80,00 mln €WKSLilleArsenalPepe
49%
75,00 mln €KolumbiaMonacoReal MadrytRodriguez
49%
75,00 mln €ArgentynaReal MadrytManchester UnitedDi Maria
48%
67,80 mln €AlgieriaLeicesterManchester CityMahrez
48%
64,00 mln €USABorussia DortmundChelseaPulisic
46%
63,75 mln €GabonBorussia DortmundArsenalAubameyang
45%
80,00 mln €FrancjaAtletico MadrytBayernHernandez
45%
80,00 mln €HiszpaniaAthletic BilbaoChelseaKepa
45%
64,50 mln €UrugwajNapoliPSGCavani
44%
60,00 mln €Bośnia i HercegowinaJuventusBarcelonaPjanic
43%
68,00 mln €PortugaliaBenficaManchester CityDias
42%
63,00 mln €ArgentynaManchester UnitedPSGDi Maria
42%
63,00 mln €SerbiaFrankfurtReal MadrytJovic
42%
67,00 mln €BrazyliaMilanReal MadrytKaka
42%
72,00 mln €BrazyliaBarcelonaJuventusArthur
41%
70,00 mln €NigeriaLilleNapoliOsimhen
41%
42,00 mln €EgiptRomaLiverpoolSalah
41%
62,50 mln €BrazyliaRomaLiverpoolAlisson
40%
65,00 mln €PortugaliaJuventusManchester CityCancelo
39%
60,00 mln €BrazyliaChelseaShanghai SIPGOscar
38%
60,00 mln €GwineaLipskLiverpoolKeita
37%
72,00 mln €FrancjaMonacoAtletico MadrytLemar
37%
53,00 mln €NiemcyLipskChelseaWerner
37%
55,80 mln €BrazyliaZenitShanghai SIPGHulk
36%
55,00 mln €PortugaliaSportingManchester UnitedFernandes
35%
59,00 mln €BrazyliaSzachtar DonieckManchester UnitedFred
35%
57,00 mln €WłochyNapoliChelseaJorginho
35%
63,70 mln €AngliaLiverpoolManchester CitySterling
35%
65,00 mln €FrancjaAthletic BilbaoManchester CityLaporte
34%
45,00 mln €ChorwacjaReal MadrytChelseaKovacic
33%
62,70 mln €HiszpaniaAtletico MadrytManchester CityRodri
33%
54,00 mln €FrancjaReal SociedadAtletico MadrytGriezmann
32%
42,50 mln €ChileBarcelonaArsenalSanchez
32%
50,00 mln €GhanaAtletico MadrytArsenalPartey
31%
53,00 mln €FrancjaOLArsenalLacazette
30%
60,00 mln €FrancjaOLTottenhamNdombele
30%
45,00 mln €BrazyliaSantosReal MadrytRodrygo
30%
52,00 mln €NiemcySchalkeManchester CitySane
29%
50,00 mln €PortugaliaMonacoManchester CitySilva
29%
45,00 mln €SzwajcariaBorussia MönchengladbachArsenalXhaka
29%
45,30 mln €HolandiaBournemouthManchester CityAke
28%
50,00 mln €ArgentynaInterPSGIcardi
28%
47,00 mln €NiemcyReal MadrytArsenalOzil
28%
45,00 mln €NiemcyManchester CityBayernSane
28%
52,70 mln €AngliaTottenhamManchester CityWalker
28%
49,40 mln €IslandiaSwanseaEvertonSigurdsson
27%
42,00 mln €WłochyJuventusMilanBonucci
26%
42,50 mln €FrancjaLipskBayernUpamecano
26%
55,00 mln €AngliaCrystal PalaceManchester UnitedWan Bissaka
26%
44,70 mln €PortugaliaWolverhamptonLiverpoolJota
25%
48,00 mln €FrancjaOLReal MadrytMendy
25%
66,00 mln €HiszpaniaReal MadrytChelseaMorata
25%
55,60 mln €AngliaEvertonManchester CityStones
25%
58,50 mln €HiszpaniaLiverpoolChelseaTorres
25%
45,00 mln €BrazyliaMonacoLiverpoolFabinho
24%
44,70 mln €SerbiaChelseaManchester UnitedMatic
24%
43,88 mln €UkrainaMilanChelseaShevchenko
24%
45,00 mln €KolumbiaPortoMonacoRodriguez
23%
42,00 mln €KolumbiaAjaxTottenhamSanchez
23%
43,00 mln €KolumbiaAtletico MadrytMonacoFalcao
22%
49,50 mln €BrazyliaChelseaPSGLuiz
22%
50,00 mln €BrazyliaPortoReal MadrytMilitao
22%
42,00 mln €BrazyliaBarcelonaGZ EvergrandePaulinho
22%
45,00 mln €BelgiaMonacoLeicesterTielemans
22%
44,73 mln €HiszpaniaChelseaManchester UnitedMata
20%
42,00 mln €CzechySampdoriaRomaSchick
20%
46,50 mln €BelgiaAston VillaLiverpoolBenteke
19%
60,00 mln €HiszpaniaChelseaAtletico MadrytCosta
19%
45,00 mln €BrazyliaFlamengoReal MadrytJunior
17%
50,20 mln €AngliaLeicesterChelseaChilwell
16%
50,00 mln €WKSFrankfurtWest HamHaller
16%
44,50 mln €ArgentynaValenciaManchester CityOtamendi
16%
44,00 mln €BrazyliaHoffenheimNewcastleJoelinton
15%
43,00 mln €NiemcySchalkeWolfsburgDraxler
13%
43,00 mln €BrazyliaReal MadrytManchester CityRobinho
12%
50,00 mln €BrazyliaSzachtar DonieckJiangsu FCTeixeira
10%
45,00 mln €FrancjaPortoManchester CityMangala
9%

Rozkład punktacji

Percentyl według liczby udzielonych odpowiedzi

Procent ludzi z każdym wynikiem

Twoja historia wyników

Nie rozwiązałeś tego quizu